NFL Top 100 Players of 2021 - Statistics

General Stats
  • This quiz has been taken 99 times
  • The average score is 71 of 100
Answer Stats
Rank Team Position Answer % Correct
3. Packers QB Aaron Rodgers
97%
1. Chiefs QB Patrick Mahomes
97%
7. Buccaneers QB Tom Brady
97%
5. Chiefs TE Travis Kelce
97%
6. Packers WR Davante Adams
96%
4. Titans RB Derrick Henry
96%
10. Bills QB Josh Allen
96%
12. Seahawks QB Russell Wilson
96%
13. Rams CB Jalen Ramsey
95%
31. Seahawks S Jamal Adams
95%
92. Eagles C Jason Kelce
95%
11. Bills WR Stefon Diggs
94%
9. Steelers LB T.J. Watt
94%
2. Rams DT Aaron Donald
92%
66. Texans DE J.J. Watt
92%
55. Chargers WR Keenan Allen
92%
77. Seahawks S Quandre Diggs
92%
14. Saints RB Alvin Kamara
91%
16. Browns DE Myles Garrett
91%
15. Chiefs WR Tyreek Hill
91%
30. Packers RB Aaron Jones
90%
34. Chiefs DT Chris Jones
90%
8. Cardinals WR DeAndre Hopkins
90%
49. Patriots CB J.C. Jackson
90%
29. Falcons WR Julio Jones
90%
39. Cardinals QB Kyler Murray
90%
24. Ravens QB Lamar Jackson
90%
18. Texans QB Deshaun Watson
88%
40. Broncos LB Bradley Chubb
87%
22. Seahawks WR DK Metcalf
87%
26. Browns RB Nick Chubb
87%
21. 49ers LB Fred Warner
86%
19. Cardinals S Budda Baker
84%
56. Chargers QB Justin Herbert
84%
84. Giants DT Leonard Williams
84%
42. 49ers OT Trent Williams
84%
62. Titans WR A.J. Brown
83%
44. Panthers RB Christian McCaffrey
83%
20. Vikings RB Dalvin Cook
83%
48. Buccaneers WR Mike Evans
83%
25. Seahawks LB Bobby Wagner
81%
50. 49ers TE George Kittle
81%
32. Chargers DE Joey Bosa
81%
41. Packers CB Jaire Alexander
79%
53. Vikings WR Justin Jefferson
79%
23. Bears LB Khalil Mack
78%
51. Packers LB Za'Darius Smith
78%
71. Browns QB Baker Mayfield
77%
35. Raiders TE Darren Waller
77%
68. Raiders RB Josh Jacobs
77%
72. Saints WR Michael Thomas
77%
52. Steelers S Minkah Fitzpatrick
77%
57. Steelers DT Cameron Heyward
73%
27. Colts DT DeForest Buckner
71%
28. Buccaneers LB Devin White
71%
95. Bills CB Tre'Davious White
71%
81. Buccaneers WR Chris Godwin
70%
43. Buccaneers LB Lavonte David
70%
76. Seahawks WR Tyler Lockett
70%
93. Lions TE T.J. Hockenson
69%
33. Colts OG Quenton Nelson
68%
47. Patriots CB Stephon Gilmore
68%
85. Cowboys OG Zack Martin
68%
46. Saints DE Cameron Jordan
66%
91. Titans WR Corey Davis
66%
64. Saints LB Demario Davis
66%
83. Titans QB Ryan Tannehill
66%
78. Titans DT Jeffery Simmons
65%
45. Broncos S Justin Simmons
65%
17. Dolphins CB Xavien Howard
65%
80. Vikings WR Adam Thielen
62%
61. Washington Football Team DE Chase Young
62%
63. Eagles DT Fletcher Cox
62%
36. Packers OT David Bakhtiari
61%
38. Ravens CB Marlon Humphrey
61%
58. Chiefs S Tyrann Mathieu
60%
89. Buccaneers OT Tristan Wirfs
57%
65. Falcons WR Calvin Ridley
55%
75. Texans OT Laremy Tunsil
55%
86. Saints CB Marshon Lattimore
55%
100. Jaguars RB James Robinson
53%
37. Colts LB Shaquille Leonard
53%
87. Bears WR Allen Robinson
52%
54. Falcons DT Grady Jarrett
49%
88. Buccaneers LB Shaquil Barrett
49%
90. Bengals S Jessie Bates
45%
94. Browns WR Jarvis Landry
44%
97. 49ers FB Kyle Juszczyk
36%
99. Eagles DE Brandon Graham
35%
79. Saints OT Terron Armstead
31%
96. Bills WR Cole Beasley
30%
70. Vikings LB Eric Kendricks
30%
82. Broncos OT Garett Bolles
29%
74. Giants CB James Bradberry
27%
73. Saints DE Trey Hendrickson
27%
98. Washington Football Team OG Brandon Scherff
25%
60. Packers C Corey Linsley
25%
69. Colts C Ryan Kelly
23%
59. Buccaneers LB Jason Pierre-Paul
21%
67. Seahawks LB K.J. Wright
17%
No matching quizzes found
Score Distribution
Percent of People with Each Score
Percentile by Number Answered
Your Score History
You have not taken this quiz